000 00320nam a2200121Ia 4500
008 150731s2013 xx 000 0 und d
082 _a614.1
_bV 13 N
100 _aNAMBURI, SEKHAR
245 _aTB OF VYAVSHARAYURVEDA OF VIDHIVAIDYAK
260 _bCHAUKHAMBHA PUB. NEW DELHI
_c2013
300 _a362
942 _2ddc
_cBK
_039
999 _c7714
_d7714